/ سفرنامہ فرنگ (Record no. 109247)
[ view plain ]
| 000 -LEADER | |
|---|---|
| fixed length control field | 01015nam a22002657a 4500 |
| 005 - DATE AND TIME OF LATEST TRANSACTION | |
| control field | 20170123162351.0 |
| 010 ## - LIBRARY OF CONGRESS CONTROL NUMBER | |
| LC control number | A-229395 |
| 020 ## - INTERNATIONAL STANDARD BOOK NUMBER | |
| Terms of availability | 32.00 |
| 035 ## - SYSTEM CONTROL NUMBER | |
| System control number | A-229395 |
| 037 ## - SOURCE OF ACQUISITION | |
| Source of stock number/acquisition | Cen Lib/Ret |
| 040 ## - CATALOGING SOURCE | |
| Original cataloging agency | DPL |
| Language of cataloging | UR |
| 082 ## - DEWEY DECIMAL CLASSIFICATION NUMBER | |
| Classification number | 910.4 |
| Item number | ا ص ف |
| 100 ## - MAIN ENTRY--PERSONAL NAME | |
| Personal name | اصفہانی، ابوطالب |
| 9 (RLIN) | 109629 |
| 245 ## - TITLE STATEMENT | |
| Title | / سفرنامہ فرنگ |
| Statement of responsibility, etc | ابوطالب اصفہانی [اور] مترجم ثروت علی |
| 246 ## - VARYING FORM OF TITLE | |
| Title proper/short title | Safarnama farng / |
| Remainder of title | by Abutalib Asfani [aur] translated by Sarot Ali |
| 260 ## - PUBLICATION, DISTRIBUTION, ETC. (IMPRINT) | |
| Place of publication, distribution, etc | نئی دہلی |
| Name of publisher, distributor, etc | ترقی اردو بیورو |
| Date of publication, distribution, etc | 1984 |
| 270 ## - ADDRESS | |
| Address | ڈائرکڑئز في اردو بیوروا'وبٹ بلا کت8 آر کے پور م |
| City | نئی دہلی |
| Postal code | 110066 |
| 300 ## - PHYSICAL DESCRIPTION | |
| Extent | 359p. |
| Dimensions | 17cm(Hb) |
| 500 ## - GENERAL NOTE | |
| General note | انڈکس |
| 650 ## - SUBJECT ADDED ENTRY--TOPICAL TERM | |
| Topical term or geographic name as entry element | اردو ادب |
| 9 (RLIN) | 136549 |
| 650 ## - SUBJECT ADDED ENTRY--TOPICAL TERM | |
| Topical term or geographic name as entry element | جغرافیہ اور سفر |
| Form subdivision | ہندستاں |
| 9 (RLIN) | 136550 |
| 650 ## - SUBJECT ADDED ENTRY--TOPICAL TERM | |
| Topical term or geographic name as entry element | Urdu Literature |
| 9 (RLIN) | 136551 |
| 650 ## - SUBJECT ADDED ENTRY--TOPICAL TERM | |
| Topical term or geographic name as entry element | Geography & travel |
| Form subdivision | Hinduatan |
| 9 (RLIN) | 136552 |
| 942 ## - ADDED ENTRY ELEMENTS (KOHA) | |
| Source of classification or shelving scheme | Dewey Decimal Classification |
| Koha item type | Urdu Bks |
| Classification part | 910.4 |
| Call number suffix | ا ص ف |
| Withdrawn status | Lost status | Damaged status | Not for loan | Home library | Current library | Date acquired | Source of acquisition | Cost, normal purchase price | Total Checkouts | Full call number | Barcode | Date last seen | Copy number | Cost, replacement price | Price effective from | Koha item type |
|---|---|---|---|---|---|---|---|---|---|---|---|---|---|---|---|---|
| Central Library | Central Library | 27/02/2016 | Cen Lib/Ref | 32.00 | 910.4 ا ص ف | A-229395 | 27/02/2016 | 1 | 32.00 | 27/02/2016 | Urdu Bks |
